[Event "Sao Paulo Pascoa op"]
[Site "Sao Paulo"]
[Date "2024.03.31"]
[Round "6"]
[White "De Arruda, Fernando Sanchez Va"]
[Black "Matiuci, Bernardo Steinle"]
[Result "0-1"]
[WhiteElo "1800"]
[BlackElo "1763"]
[PlyCount "58"]
[EventDate "2024.03.29"]
[EventType "swiss"]
[EventRounds "6"]
[EventCountry "BRA"]
[SourceTitle "CB14_2024"]
[SourceDate "2024.04.01"]
[SourceVersion "1"]
[SourceVersionDate "2024.04.01"]
[SourceQuality "1"]

1. e4 c5 2. Nf3 Nc6 3. d4 cxd4 4. Nxd4 Nf6 5. Nxc6 bxc6 6. Nc3 e5 7. Bc4 Bb4 8. Bd2 Bxc3 9. Bxc3 Nxe4 10. Bxe5 Qa5+ 11. c3 Qxe5 12. 0-0 0-0 13. Re1 d5 14. Bd3 Qf6 15. Bxe4 dxe4 16. Rxe4 Ba6 17. Ra4 Rad8 18. Qg4 Bc8 19. Qb4 Rd2 20. Rf1 Qg6 21. Rxa7 Bh3 22. g3 Bxf1 23. Kxf1 Qb1+ 24. Kg2 Qxb2 25. Qa5 Rxf2+ 26. Kh3 Rxh2+ 27. Kg4 Qe2+ 28. Kf4 Rf2+ 29. Kg5 h6+ 0-1